000 00993nmm a2200277 a 4500
001 ocm000584315
003 TR-IsHL
005 20201028121035.0
008 130705s1988 tu tur
007 cr cn
020 _a9789754111088
035 _a584315
_b(N$T)
050 0 4 _aTK7881
_b.Y35 1988
090 0 4 _aTK7881
_b.Y35 1988
100 1 _aYalçın, Ayhan
245 1 0 _aSes frekansı güç kuvvetlendiricileri: tümdevreler ve tranzistorla yapılan, çeşitli güçlerde ses frekansı çıkış katı örnekleri
_h[electronic resource] /
_cAyhan Yalçın
250 _a1. bs.
260 _aİstanbul :
_bYüce Yayınları,
_c1988
300 _a136 p.
650 4 _aMühendislik ve Teknoloji
650 4 _aEngineering and Technology
650 0 _aSes frekansı
650 0 _aAudio frequency
650 7 _aTECHNOLOGY & ENGINEERING / Electronics / Transistors
_2bisacsh
856 4 0 _uhttp://search.ebscohost.com/login.aspx?direct=true&scope=site&db=e011xww&AN=584315
999 _c1109
_d1109